|
|
|
|
| LEADER |
02004nam a2200397 u 4500 |
| 001 |
10038252 |
| 003 |
upatras |
| 005 |
20241212094136.0 |
| 008 |
001213m19981999fr fre |
| 020 |
|
|
|a 2100031724
|q (v.1)
|
| 020 |
|
|
|a 2100040790
|q (v.2)
|
| 020 |
|
|
|a 2100046543
|q (v.3)
|
| 040 |
|
|
|a GR-PaULI
|c GR-PaULI
|
| 041 |
0 |
|
|a fre
|
| 082 |
0 |
4 |
|a 724.6
|
| 100 |
1 |
|
|a Benevolo, Leonardo,
|d 1923-2017
|9 7012
|
| 245 |
1 |
0 |
|a Histoire de l'architecture moderne
|c Leonardo Benevolo; traduit de l'italien par Vera et Jacques Vicari
|
| 260 |
|
|
|a Paris
|b Dunod
|
| 300 |
|
|
|a 3 v.
|b phot.
|c 22 cm.
|
| 490 |
0 |
|
|a Architecture et urbanisme
|
| 504 |
|
|
|a Bibliographie et index
|
| 505 |
0 |
|
|a v.1. La revolution industielle. - 281 p. - 1998 --
|a v.2. Avant-garde et mouvement moderne. - 305 p. - 1998 --
|a v.3. Les conflits et l'apres-guerre. - 310 p. - 1999.
|
| 650 |
|
4 |
|a Αρχιτεκτονική
|x Ιστορία
|9 5898
|
| 650 |
|
4 |
|a Αρχιτεκτονική, Σύγχρονη
|9 2959
|
| 700 |
1 |
|
|a Vicari, Vera
|4 trl
|9 26141
|
| 700 |
1 |
|
|a Vicari, Jaques
|4 trl
|9 26142
|
| 760 |
0 |
|
|a Architecture et urbanisme
|
| 852 |
|
|
|a GR-PaULI
|b ΠΑΤΡΑ
|b ΑΡΧΙΤΕΚΤΟΝΙΚΗ
|k ΑΣΧΞ-2
|h 724.6 B
|m 001403
|p 025000094438
|t 1
|3 v1
|
| 852 |
|
|
|a GR-PaULI
|b ΠΑΤΡΑ
|b ΑΡΧΙΤΕΚΤΟΝΙΚΗ
|k ΑΣΧΞ-2
|h 724.6 B
|m 001405
|p 025000094440
|t 1
|3 v.2
|
| 852 |
|
|
|a GR-PaULI
|b ΠΑΤΡΑ
|b ΑΡΧΙΤΕΚΤΟΝΙΚΗ
|k ΑΣΧΞ-2
|h 724.6 B
|m 001388
|p 025000094423
|t 1
|3 v.3
|
| 942 |
|
|
|2 ddc
|c BK15
|
| 952 |
|
|
|0 0
|1 0
|3 v1
|4 0
|6 724_600000000000000_B
|7 0
|9 24397
|a ARCH
|b ARCH
|d 2016-04-24
|i 001403
|l 0
|o 724.6 B
|p 025000094438
|r 2016-04-24 00:00:00
|t 1
|w 2016-04-24
|y BK15
|
| 952 |
|
|
|0 0
|1 0
|3 v.2
|4 0
|6 724_600000000000000_B
|7 0
|9 24398
|a ARCH
|b ARCH
|d 2016-04-24
|i 001405
|l 0
|o 724.6 B
|p 025000094440
|r 2016-04-24 00:00:00
|t 1
|w 2016-04-24
|y BK15
|
| 952 |
|
|
|0 0
|1 0
|3 v.3
|4 0
|6 724_600000000000000_B
|7 0
|9 24399
|a ARCH
|b ARCH
|d 2016-04-24
|i 001388
|l 0
|o 724.6 B
|p 025000094423
|r 2016-04-24 00:00:00
|t 1
|w 2016-04-24
|y BK15
|
| 998 |
|
|
|c MANIAKH
|d 2000-12
|
| 999 |
|
|
|c 15390
|d 15390
|